Central Library OPAC University of Rajshahi

South Asia: selective studies of the essential geography of India, Pakistan and Ceylon (Record no. 55753)

MARC details
000 -LEADER
fixed length control field 00719nam a2200229 a 4500
001 - CONTROL NUMBER
control field 55753
003 - CONTROL NUMBER IDENTIFIER
rucl marc code BD-RjUL
005 - DATE AND TIME OF LATEST TRANSACTION
control field 20211209080317.0
008 - FIXED-LENGTH DATA ELEMENTS--GENERAL INFORMATION
fixed length control field 161121b19711969enkp|||| |||| 001 0 eng d
020 ## - INTERNATIONAL STANDARD BOOK NUMBER
International Standard Book Number 0435344803
035 ## - SYSTEM CONTROL NUMBER
System control number (BD-RjUL)55877
040 ## - CATALOGING SOURCE
Modifying agency BD-RjUL
Language of cataloging eng
Original cataloging agency BD-RjUL
Transcribing agency BD-RjUL
041 ## - LANGUAGE CODE
Language code of text/sound track or separate title eng
082 ## - DEWEY DECIMAL CLASSIFICATION NUMBER
Edition number 23
Classification number 915
Author mark and year JOS 1971
100 1# - MAIN ENTRY--PERSONAL NAME
Personal name Johnson, B. L. C.
9 (RLIN) 166030
245 10 - TITLE STATEMENT
Title South Asia: selective studies of the essential geography of India, Pakistan and Ceylon
Statement of responsibility, etc. B. L. C. Johnson.
260 ## - PUBLICATION, DISTRIBUTION, ETC. (IMPRINT)
Place of publication, distribution, etc. London :
Name of publisher, distributor, etc. Heinemann Educational,
Date of publication, distribution, etc. c1969 [reprinted 1971]
300 ## - PHYSICAL DESCRIPTION
Pagination xii, 164 p. :
Illustrations ill. ;
Size 24 cm.
500 ## - GENERAL NOTE
General note Includes index
651 #0 - SUBJECT ADDED ENTRY--GEOGRAPHIC NAME
Geographic name South Asia
General subdivision Geography.
9 (RLIN) 166031
942 ## - ADDED ENTRY ELEMENTS (KOHA)
Source of classification or shelving scheme Dewey Decimal Classification
Koha item type Books
Holdings
Lost status Source of classification or shelving scheme Damaged status Not for loan Collection code Permanent Location Current Location Shelving location Date acquired Source of acquisition Cost, normal purchase price Total Checkouts Full call number Date last seen Copy number Koha item type
  Dewey Decimal Classification     Non-fiction Central Library, University of Rajshahi Central Library, University of Rajshahi   08/01/1975 Jonathan wree & co., London 210.00   915 JOS 1971 21/11/2016 C-2 Books
  Dewey Decimal Classification   Not For Loan Non-fiction Central Library, University of Rajshahi Central Library, University of Rajshahi Reading Room 16/12/1970 Sweets & Zeitlinger 42.00   915 JOS 1969 23/04/2017 C-1 Books